000 01121nam a2200325 i 4500
003 DO-SdBNP
005 20240425152711.0
007 ta
008 240425s2023 dr ac 000 0 spa d
020 _a9789945270136
040 _aDO-SdBNP
_bspa
_cBNPHU
_erda
082 _222
_bC569s
245 0 0 _aCiencias sociales 4 :
_beducación básica. /
_cdirección editorial Anna Rogero Soler : ilustraciones Montserrat Ubach, Reison Vásquez, Cristian Félix
264 1 _aSanto Domingo, :
_bSM,
_c2023.
300 _a142 páginas
_bilustraciones, retratos
_c28 cm.
336 _2rdacontent
_atexto
_btxt
337 _2rdamedia
_asin mediación
_bn
338 _2rdacarrier
_avolumen
_bnc
490 1 _aSer y saber
_v4
500 _aEducación básica
500 _aIncluye glosario.
504 _aBibliografía p: 142
590 _aInventariado, 2024/ YL
700 1 _aRogero Soler, Anna
_edirección
_930656
700 1 _aUbach, Montserrat
_eilustraciones
_923171
700 1 _aVásquez, Reison
_eilustraciones
_985319
700 1 _aFélix, Cristian
_eilustraciones
_973248
910 _aYLockward
942 _2ddc
_cLBS1
999 _c56519
_d56519